000 00540nam a2200205Ia 4500
005 20250508153224.0
008 008 250505s9999 xx 000 0 eng d
037 _aTextual
040 _aFEDL
_beng
_cFEDL
041 _aeng
_2eng
084 _a020, HAR
_qFEDL
100 _aHarrison Joan
_9763448
245 0 _aLearning to read
260 _aLondon, UK
_bLongmans, Green and Co.
_c1960
300 _a123p.
365 _aINR
_b3.2
650 _aLibrary Science
942 _cTEXL
_h020, HAR
999 _c1341352
_d1341352